000 00305nam a22001337a 4500
008 171222b xxu||||| |||| 00| 0 eng d
020 _a9780312696283
041 _aeng
080 _211 ED
_a37
100 _a46
101 _aEDU
245 _aTHE BRIEF BEDFORD READER
_cKENNEDY.X.J
942 _2udc
_cBK
999 _c39304
_d39304